Laotsé y el taoismo / (Record no. 140950)

MARC details
000 -LEADER
campo de control de longitud fija 00729nam a22002531i 4500
001 - NÚMERO DE CONTROL
campo de control 140950
003 - IDENTIFICADOR DE NÚMERO DE CONTROL
campo de control ES-MaACL
005 - FECHA Y HORA DE LA ÚLTIMA TRANSACCIÓN
campo de control 20250803121220.0
007 - CAMPO FIJO DE DESCRIPCIÓN FÍSICA--INFORMACIÓN GENERAL
campo de control de longitud fija t|
008 - DATOS DE LONGITUD FIJA--INFORMACIÓN GENERAL
campo de control de longitud fija 070918s1926 sp ||||0| spa d
080 ## - NÚMERO DE LA CLASIFICACIÓN DECIMAL UNIVERSAL
Número de la Clasificación Decimal Universal 1 Lao-tse
080 ## - NÚMERO DE LA CLASIFICACIÓN DECIMAL UNIVERSAL
Número de la Clasificación Decimal Universal 299.513
100 1# - ENTRADA PRINCIPAL--NOMBRE DE PERSONA
Nombre de persona Wilhelm, Richard.
9 (RLIN) 116843
245 10 - MENCIÓN DEL TÍTULO
Título Laotsé y el taoismo /
Mención de responsabilidad, etc. Ricardo Wilhelm ; traducción del alemán por A. García-Molins.
260 ## - PUBLICACIÓN, DISTRIBUCIÓN, ETC.
Lugar de publicación, distribución, etc. Madrid :
Nombre del editor, distribuidor, etc. [s.n.],
Fecha de publicación, distribución, etc. 1926 (
Fabricante Tip. Nacional)
300 ## - DESCRIPCIÓN FÍSICA
Extensión 136 p. ;
Dimensiones 23 cm.
500 ## - NOTA GENERAL
Nota general Publ. de la Revista de Occidente.
600 04 - PUNTO DE ACCESO ADICIONAL DE MATERIA--NOMBRE DE PERSONA
Nombre de persona Laozi
9 (RLIN) 241542
650 04 - PUNTO DE ACCESO ADICIONAL DE MATERIA--TÉRMINO DE MATERIA
Término de materia o nombre geográfico como elemento de entrada Taoísmo.
9 (RLIN) 17283
700 1# - ENTRADA AGREGADA--NOMBRE PERSONAL
Nombre de persona García-Molins, A.
9 (RLIN) 54964
852 ## - LOCALIZACIÓN
Ubicación ES-MaACL
Número de control de estantería F-70
Holdings
Estatus retirado Estado de pérdida Estado de daño No para préstamo Biblioteca de origen Biblioteca actual Ubicación en estantería Fecha de adquisición Fuente de adquisición Total de préstamos Signatura topográfica completa Código de barras Visto por última vez Precio de reemplazo Tipo de ítem Koha
        Biblioteca del Ateneo de Madrid Biblioteca del Ateneo de Madrid Depósito 2 17/01/2008     F-70 1146665 23/02/2023 23/02/2023 Libro impreso